000 00869nam a2200229Ia 4500
003 GCL
008 140319s9999 xx 000 0 ara d
020 _a3736033977
040 _aGCL /
_cGCL
082 0 4 _a658.42
_bر ا
100 1 _aرمضان محمود عبد السلام
245 1 0 _aالادارة الاستراتيجية سياسات واستراتيجيات ادارية /
_cرمضان محمود عبد السلام
260 _aالقاهرة :
_bالمكتبة العصرية للنشر والتوزيع ،
_c2004
300 _a479ص ؛
_c25سم
650 0 4 _aالادارة
650 0 4 _aالتنمية الادارية
650 0 4 _aالادارة العليا
650 0 4 _aالاستراتيجية التنافسية
650 0 4 _aالتنظيم والادارة
650 0 4 _aالادارة الاستراتيجية
942 _2ddc
_cBK
999 _c58108
_d58108